A study of feminine sensibility in Anita Desai's Novel: (Record no. 172119)

MARC details
000 -LEADER
fixed length control field 00592nam a22001937a 4500
005 - DATE AND TIME OF LATEST TRANSACTION
control field 20200128114539.0
010 ## - LCCN (DPL NO)
LC control number ENG-127568
020 ## - INTERNATIONAL STANDARD BOOK NUMBER
Terms of availability 170.00
International Standard Book Number 9789388927321
035 ## - SYSTEM CONTROL NUMBER
System control number EN-111100
037 ## - SOURCE OF ACQUISITION
Source of stock number/acquisition DBAD/PUB
082 ## - DEWEY DECIMAL CLASSIFICATION NUMBER
Classification number 880
100 ## - MAIN ENTRY--PERSONAL NAME
Personal name Vyas,Foram
245 ## - TITLE STATEMENT
Title A study of feminine sensibility in Anita Desai's Novel:
Remainder of title where shall we go this summer/
Statement of responsibility, etc by Foram Vyas
260 ## - PUBLICATION, DISTRIBUTION, ETC. (IMPRINT)
Place of publication, distribution, etc Gujarat
Name of publisher, distributor, etc Vedant publications
Date of publication, distribution, etc 2019
270 ## - ADDRESS
Address Rajkot,Surat
City Ahmedabad
Postal code 395003
300 ## - PHYSICAL DESCRIPTION
Extent 156p
Dimensions 20cm(pbk)
500 ## - GENERAL NOTE
General note includes bibliography
942 ## - ADDED ENTRY ELEMENTS (KOHA)
Source of classification or shelving scheme Dewey Decimal Classification
Item type English Books
Call number suffix VYA
Classification part 880
Holdings
Withdrawn status Lost status Not for loan Collection code Home library Current library Date acquired Source of acquisition Cost, normal purchase price Full call number Barcode Copy number Cost, replacement price Koha item type
      Non-fiction Ashok Vihar Ashok Vihar 28/01/2020 DBAD/PUB 170.00 880 VYA EN-111100 1 170.00 English Books

© Delhi Public Library
Hit Counter
free hit counter